000 00363nam a2200133Ia 4500
008 240624s9999 xx 000 0 und d
041 _aeng
082 _a658.4063 BHA
100 _aBHARAT RAM VINAY
245 _aEVOLUTION OF ECONOMIC IDEAS SMITH TO SEN
260 _c2017
_aNew Delhi
_bOxford University Press
300 _axi, 184 p.; 23 cm.
365 _cRS
_b31
999 _c29667
_d29667